Electronics mathematics

Enregistré dans:
Détails bibliographiques
Auteur principal: Munz, Georgery J.
Format: Livre
Langue:Undetermined
Publié: New York McGraw-Hill 1967
Sujets:
Tags: Ajouter un tag
Pas de tags, Soyez le premier à ajouter un tag!
Thư viện lưu trữ: Trung tâm Học liệu Trường Đại học Cần Thơ
LEADER 00511nam a2200181Ia 4500
001 CTU_19757
008 210402s9999 xx 000 0 und d
082 |a 513.12 
082 |b N972/Vol.2 
100 |a Munz, Georgery J. 
245 0 |a Electronics mathematics 
245 0 |c Georgery J. Munz, William L. Shaw 
260 |a New York 
260 |b McGraw-Hill 
260 |c 1967 
650 |a Calculus,Mathematics,Trigonometry,Algebra 
904 |i Minh 
980 |a Trung tâm Học liệu Trường Đại học Cần Thơ